Quizzes
Events
Quiz Creation
Community
Videos
Private Events
Remove Ads
Sign In
Join for FREE
Feedback
Dark Mode
Quiz Categories
Sports
Geography
Music
Movies
Television
Just For Fun
Miscellaneous
History
Literature
Language
Science
Gaming
Entertainment
Religion
Holiday
For Kids
Quiz Lab
Recent
Popular Today
Quiz Kudos Today
Editor Picks
Curator Picks
Quizzes by...
Day
Popularity
Type
Ratings
Length
Year
Community
Subscriptions
Recent Discussions
Orange Saloon
Badges
Playlists
Quests
Create
Leaderboards
Showdown
Live 5
Trivia Bingo
Activity
Puzzle Library
Sporcle Events
Private Events
Virtual Trivia
Globe League
Become a Host
Pub Owners
SporcleCon
Opinionation
Our Games
Videos
Blog
Mobile Apps
Partnerships
Remove Ads and Go Orange
Feedback
Literature
Harry Potter
A Song of Ice and Fire
The Hunger Games
Literary Character
Shakespeare
Book
Author
Novel
Poem
Young Adult
Children's Books
Play
Lord of the Rings
Literature
Harry Potter
A Song of Ice and Fire
The Hunger Games
Literary Character
Shakespeare
Book
Author
Novel
Poem
Young Adult
Children's Books
Play
Lord of the Rings
Random Quiz
Search Sporcle
×
Quiz Lab
Quiz Lab
Literature
Harry Potter
Type in answers that appear in a list
Type in answers that appear in a list
Classic
Best Score? Go Orange.
Another Harry Potter Quiz Stats
Can you name the Another Harry Potter Quiz?
By
EllenMarie
8m
20 Questions
953 Plays
953 Plays
953 Plays
Comments
Comments
Give Quiz Kudos
Give Quiz Kudos
-
- Ratings
hide this ad
More Info
Replay
Link that replays current quiz
Next Quiz
Link to next quiz in quiz playlist
You Got
0%
They Got
Avg Score
73%
Avg Friend Score
Upgrade to see
Score Distribution
Jump to the score distribution portion of the page
Score
0/20
Timer
08:00
0
Plays Today
Question
Answers
% Correct
At what age does a wizard receive a letter inviting him or her to go to Hogwarts?
11
99.6%
What is Harry's middle name?
James
98.2%
What is the name of the train that takes children from London to Hogwarts?
Hogwarts Express
97.7%
What is the last name of the relatives Harry lived with?
Dursley
95.9%
What shop sells Harry his first wand?
Ollivanders
92.9%
What position does Viktor Krum play for the Bulgarian national Quidditch team?
Seeker
92.5%
What is the name of the Defense Against the Dark Arts teacher in Harry's second year at Hogwarts?
Gilderoy Lockhart
91.5%
What is Dumbledore's phoenix's name?
Fawkes
90.6%
What does the acronym 'O.W.L' stand for?
Ordinary Wizarding Level
82.2%
Who is the author of book 'A HIstory of Magic?'
Bathilda Bagshot
74.5%
Question
Answers
% Correct
Who is the only person, other than Albus Dumbledore and Fred and George Weasley, who can control Peeves?
Bloody Baron
74.1%
Who is the barman at the Hog's Head pub?
Aberforth Dumbledore
70.6%
Who is the Muggle caretaker of the Riddle family mansion?
Frank Bryce
66.6%
Who else dates both Cho Chang and Ginny Weasley?
Michael Corner
59.4%
What is Neville Longbottom's paternal grandmother's name?
Augusta
59.1%
What does N.E.W.T. stand for?
Nastily Exhausting Wizarding Test
57.3%
What is the name of the girl who teased Moaning Myrtle about her glasses?
Olive Hornby
53.2%
What prision was built by Gellert Grindelwald?
Nurmengard
44.6%
What is Seamus Finnegans patronus?
Fox
43.7%
What is the Hogwarts motto? (HINT: It is in Latin)
Draco dormiens nunquam titillandus
18.7%
Quiz Playlist
Details
Report
Send in Message
Add To Playlist
More Info:
In honor of Harry Potter and the Deathly Hallows: Part I being released!
Classic:
Type in answers that appear in a list
Last Updated: Jan 3, 2019
Quiz Scoreboard
CHALLENGE
Sign Up to Join the Scoreboard
Show All
Scores
Hide
Comments
May contain spoilers
Recently Published
Presidents Visiting Landmarks
by Hejman
History
7m
An Introduction to Baseball
by treessimontrees
Sports
5m
Movies - When Are They Set?
by FPL_Elf
Movies
5m
More to Explore
Quiz From the Vault
Featured Blog Post
Where Did the Easter Bunny Come From?
hide this ad
You Might Also Like...
Tags
Harry Potter Quiz
Deathly Hallows
Gryffindor
Hogwarts
Today's Top Quizzes in Literature
Browse Literature
hide this ad
Today's Top Quizzes in Harry Potter
Browse Harry Potter
Top Contributed Quizzes in Literature
1
Sneaky Slytherin Logic Puzzle
2
Get The Picture: Black or White Literature
3
A Court of Thorns and Roses (ACoTaR) Logic Puzzle
4
One Thing in Common: Literature
5
5-to-1: Plays
6
Harry Potter Neighbourly Logic Puzzle #5
7
One Thing in Common: Literature 3
8
One Thing in Common: Literature II
9
One Thing in Common: Books
10
Harry Potter Neighbourly Logic Puzzle #3
Explore More
Trending Topics
Marvel
Crossword
Anime
Harry Potter
Kpop
Disney
NBA
Puzzle
NFL
Song
The Office
Pokémon
Soccer
Country
WWE
hide this ad
More By:
EllenMarie
Quiz
Plays
Rating
Category
Featured
Created
Finish the Parent Trap (1998) Quote
2,782
4.20
Movies
Feb 28, 2010
Different Princess Bride Quotes
1,487
5.00
Movies
May 8, 2010
Another Harry Potter Quiz
953
3.25
Literature
Nov 7, 2010
Harry Potter Howler
262
5.00
Movies
May 17, 2012
people Sassy Gay Friend saved
241
5.00
Just For Fun
Apr 17, 2010
Go to Creator's Profile
Score Distribution
Quiz Creator Spotlight
EllenMarie
Follow
Send a Message
Quizzes Created
-
Created Quiz Play Count
-
More By This Creator
Popular Quizzes Today
1
Find the US States - No Outlines Minefield
2
Find the Countries of Europe - No Outlines Minefield
3
The Countries of the World
4
Find the US States
5
Popular People in 1961
6
US States
7
Risky Map Clicking: Biggest States A-Z
8
1-10 Letter E Words III
More Literature Quizzes
Anyone but Leanne
Quiz Lab
Trending Quizzes
Risky Map Clicking: Least Populous States A-Z
1-10 Letter G Words
1-10 Letter F Words
One Thing in Common: United Kingdom
Risky Map Clicking: Next State Alphabetically
Recently Updated
Leaping Animals
pecheneg
Reality TV Shows (A-Z)
bhenderson79
Rickey Henderson's Hall of Fame Teammates
pecheneg
Champions League XIs: Arsenal
pecheneg
Quick Pick: Celebrities in WWE's Hall of Fame
aduchscher
A-Z Keypad Blitz II
pecheneg
Multiple Oscar Actors
pecheneg
Mystery Phrase Blitz: Oscar 'Best Actors'
pecheneg
F. Scott Fitzgerald Novels
LTH
Pick 3 Villains
ddd62291
Trending Topics
NBA
Harry Potter
Marvel
Disney
Crossword
Kpop
Anime
The Office
NFL
Country
Song
Puzzle
Pokémon
Soccer
WWE
Your Account Isn't Verified!
In order to create a playlist on Sporcle, you need to verify the email address you used during registration. Go to your
Sporcle Settings
to finish the process.
Report this User
Report this user for behavior that violates our
Community Guidelines
.
Details:
Send Report
Go to the Sporcle.com Mobile Site →
Comments